00528nam a22001457a 4500003000500000038001800005082000800023100001600031245015400047264003300201300002500234650003600259700003000295856005700325NUST aNusrat Nadeem a200 aNOOR, HAMNA aCONSEQUENCES OF AN ABSENT FATHER ON CHILD DEVELOPMENT: A COMPARATIVE QUALITATIVE ANALYSIS OF CHILDERN OF OVERSEAS AND RESIDENT FATHERS/cHAMNA NOOR,  aIslamabad,c2023.bS3H NUST; aill:b262,p:c30,cm. aMS-Government and Public Policy aSUPERVISOR: Dr. UME LAILA uhttp://10.250.8.41:8080/xmlui/handle/123456789/39060